Biblioteca Atrium del interiorismo / (Registro nro. 6187)
[ vista simple ]
| 000 -LEADER | |
|---|---|
| fixed length control field | 01611cam a2200361 i 4500 |
| 001 - CONTROL NUMBER | |
| control field | 6187 |
| 003 - CONTROL NUMBER IDENTIFIER | |
| control field | Mx-PuUPA |
| 005 - DATE AND TIME OF LATEST TRANSACTION | |
| control field | 20220308113706.0 |
| 008 - FIXED-LENGTH DATA ELEMENTS--GENERAL INFORMATION | |
| fixed length control field | 140415s1992 sp a fre 000 0 spa d |
| 017 ## - COPYRIGHT OR LEGAL DEPOSIT NUMBER | |
| Copyright or legal deposit number | B-40.348-88 |
| 020 ## - INTERNATIONAL STANDARD BOOK NUMBER | |
| International Standard Book Number | 8477410151 |
| Qualifying information | obra completa |
| 020 ## - INTERNATIONAL STANDARD BOOK NUMBER | |
| International Standard Book Number | 847741016X |
| Qualifying information | tomo 1 |
| 020 ## - INTERNATIONAL STANDARD BOOK NUMBER | |
| International Standard Book Number | 8477410178 |
| Qualifying information | tomo 2 |
| 020 ## - INTERNATIONAL STANDARD BOOK NUMBER | |
| International Standard Book Number | 8477410186 |
| Qualifying information | tomo 3 |
| 020 ## - INTERNATIONAL STANDARD BOOK NUMBER | |
| International Standard Book Number | 8477410194 |
| Qualifying information | tomo 4 |
| 020 ## - INTERNATIONAL STANDARD BOOK NUMBER | |
| International Standard Book Number | 8477410208 |
| Qualifying information | tomo 5 |
| 040 ## - CATALOGING SOURCE | |
| Original cataloging agency | Mx-PuUPA |
| Language of cataloging | spa |
| Transcribing agency | Mx-PuUPA |
| Modifying agency | Mx-PuUPA |
| Description conventions | rda |
| 041 0# - LANGUAGE CODE | |
| Language code of text/sound track or separate title | spa |
| 245 00 - TITLE STATEMENT | |
| Title | Biblioteca Atrium del interiorismo / |
| Statement of responsibility, etc. | editor, Francisco Asensio Cerver |
| 264 #1 - PRODUCTION, PUBLICATION, DISTRIBUTION, MANUFACTURE, AND COPYRIGHT NOTICE | |
| Place of production, publication, distribution, manufacture | Barcelona, España : |
| Name of producer, publisher, distributor, manufacturer | Ediciones Atrium, |
| Date of production, publication, distribution, manufacture, or copyright notice | ©1992 |
| 300 ## - PHYSICAL DESCRIPTION | |
| Extent | 5 volúmenes (paginación varía) : |
| Other physical details | ilustraciones ; |
| Dimensions | 30 cm. |
| 336 ## - CONTENT TYPE | |
| Fuente | rdacontent |
| Content type term | texto |
| Content type code | txt |
| 336 ## - CONTENT TYPE | |
| Fuente | rdacontent |
| Content type term | image fija |
| Content type code | sti |
| 337 ## - MEDIA TYPE | |
| Source | rdamedia |
| Media type term | sin medio |
| Media type code | n |
| 338 ## - CARRIER TYPE | |
| Source | rdacarrier |
| Carrier type term | volumen |
| Carrier type code | nc |
| 490 0# - SERIES STATEMENT | |
| Series statement | Colección Técnica de bibliotecas profesionales |
| 505 0# - FORMATTED CONTENTS NOTE | |
| Miscellaneous information | tomo 1. |
| Title | Arquitectura de ayer, interiorismo de hoy ; Ideas para habilitar espacios únicos ; Lo rústico puesto al día - |
| Miscellaneous information | tomo 2. |
| Title | Los estilos se dan cita ; Apartamentos bien resueltos - |
| Miscellaneous information | tomo 3. |
| Title | Casas de coleccionistas ; Casas en la costa ; Vivir a dos niveles - |
| Miscellaneous information | tomo 4. |
| Title | Casas de gran ciudad ; Lo racional y lo escueto - |
| Miscellaneous information | tomo 5. |
| Title | A la decoración por las plantas ; Casas en el campo ; El valor de los grandes espacios. |
| 650 #7 - SUBJECT ADDED ENTRY--TOPICAL TERM | |
| Topical term or geographic name entry element | Decoración de interiores |
| General subdivision | Muebles |
| Source of heading or term | armarc |
| 700 1# - ADDED ENTRY--PERSONAL NAME | |
| Personal name | Asensio Cerver, Francisco, |
| Relator term | editor |
| 942 ## - ADDED ENTRY ELEMENTS (KOHA) | |
| Koha item type | Libro |
| Source of classification or shelving scheme | Dewey Decimal Classification |
| Classification part | 747 |
| Item part | B585 |
| Withdrawn status | Lost status | Source of classification or shelving scheme | Damaged status | Not for loan | Collection code | Home library | Current library | Shelving location | Date acquired | Source of acquisition | Serial Enumeration / chronology | Total Checkouts | Full call number | Barcode | Date last seen | Price effective from | Koha item type |
|---|---|---|---|---|---|---|---|---|---|---|---|---|---|---|---|---|---|
| Dewey Decimal Classification | Referencia | Biblioteca Karol Wojtyla | Biblioteca Karol Wojtyla | Área de silencio | 03/12/2013 | Compra | t.4 | 747 B585 1992 | 18579 | 05/01/2026 | 03/12/2013 | Libro R | |||||
| Dewey Decimal Classification | Referencia | Biblioteca Karol Wojtyla | Biblioteca Karol Wojtyla | Área de silencio | 03/12/2013 | Compra | t.1 | 747 B585 1992 | 18576 | 05/01/2026 | 03/12/2013 | Libro R | |||||
| Dewey Decimal Classification | Referencia | Biblioteca Karol Wojtyla | Biblioteca Karol Wojtyla | Área de silencio | 03/12/2013 | Compra | t.5 | 747 B585 1992 | 18580 | 05/01/2026 | 03/12/2013 | Libro R | |||||
| Dewey Decimal Classification | Referencia | Biblioteca Karol Wojtyla | Biblioteca Karol Wojtyla | Área de silencio | 03/12/2013 | Compra | t.2 | 747 B585 1992 | 18577 | 05/01/2026 | 03/12/2013 | Libro R | |||||
| Dewey Decimal Classification | Referencia | Biblioteca Karol Wojtyla | Biblioteca Karol Wojtyla | Área de silencio | 03/12/2013 | Compra | t.3 | 747 B585 1992 | 18578 | 05/01/2026 | 03/12/2013 | Libro R |